[Event "Varazdinske Toplice op"]
[Site "Varazdinske Toplice"]
[Date "2022.12.26"]
[Round "4"]
[White "Premuzic, Zoran"]
[Black "Forstnaric, Zdravko"]
[Result "1-0"]
[WhiteElo "1943"]
[BlackElo "1816"]
[PlyCount "109"]
[EventDate "2022.12.26"]
[EventType "swiss"]
[EventRounds "9"]
[EventCountry "CRO"]
[SourceTitle "CBM 211 Extra"]
[Source "ChessBase"]
[SourceDate "2023.01.31"]
[SourceVersion "1"]
[SourceVersionDate "2023.01.31"]
[SourceQuality "1"]

1. d4 d5 2. c4 e6 3. Nc3 Nf6 4. cxd5 exd5 5. Bg5 Be7 6. Qc2 c6 7. e3 h6 8. Bh4 Nbd7 9. Bd3 Nf8 10. Nf3 Ne6 11. 0-0 0-0 12. Rab1 Re8 13. b4 a6 14. a4 Bd7 15. b5 axb5 16. axb5 Kh8 17. bxc6 bxc6 18. Na4 c5 19. Nxc5 Nxc5 20. dxc5 Rc8 21. Qb3 Be6 22. Nd4 Bxc5 23. Nxe6 fxe6 24. Bg6 Rf8 25. Rfd1 Be7 26. Qb6 Qd7 27. Rbc1 Ng8 28. Bg3 Bf6 29. h3 Ne7 30. Bd3 e5 31. Bb5 Qf5 32. Qb7 Rb8 33. Qd7 Qg6 34. Bd3 e4 35. Be2 Rbd8 36. Qe6 d4 37. exd4 Rxd4 38. Rxd4 Bxd4 39. Qxe7 Re8 40. Qd6 Bf6 41. Bh4 e3 42. Bxf6 exf2+ 43. Kf1 gxf6 44. Rc6 Kg7 45. Kxf2 Qg5 46. Qd7+ Kf8 47. Qd4 Qf5+ 48. Bf3 Kg7 49. Qg4+ Qg5 50. h4 Qxg4 51. Bxg4 Re5 52. h5 Ra5 53. Rc7+ Kg8 54. Bf3 Rf5 55. g4 1-0

[Event "Medjimurje Cup"]
[Site "Croatia "]
[Date "2020.02.23"]
[Round "3.2"]
[White "Forstnaric, Zdravko"]
[Black "Cernov, Bozidar"]
[Result "1/2-1/2"]
[WhiteElo "1901"]
[BlackElo "1696"]
[PlyCount "100"]
[EventDate "2020.02.09"]
[EventType "team-swiss"]
[EventRounds "6"]
[EventCountry "CRO"]
[SourceTitle "CBM 195 Extra"]
[Source "ChessBase"]
[SourceDate "2020.05.31"]
[SourceVersion "1"]
[SourceVersionDate "2020.05.31"]
[SourceQuality "1"]

1. d4 d5 2. h3 Nf6 3. Nf3 e6 4. Bf4 Nbd7 5. e3 Be7 6. Nbd2 0-0 7. Bd3 c5 8. c3 b6 9. Rc1 Bb7 10. 0-0 Rc8 11. Re1 Re8 12. Ng5 Nf8 13. a3 Bd6 14. Ngf3 Bxf4 15. exf4 Qd6 16. g3 N6d7 17. Ne5 cxd4 18. cxd4 Rxc1 19. Qxc1 Rc8 20. Qd1 Nxe5 21. fxe5 Qe7 22. h4 Rc7 23. Qg4 f5 24. exf6 Qxf6 25. Nf3 Bc8 26. Ne5 Nd7 27. f4 Nxe5 28. Rxe5 g6 29. h5 Kf7 30. hxg6+ hxg6 31. Qh3 Qg7 32. Qh4 Qf6 33. Qh7+ Qg7 34. Bxg6+ Kf8 35. Qh5 Rc4 36. Qg5 Qe7 37. Qh4 Qxh4 38. gxh4 Rxd4 39. h5 Rxf4 40. Kg2 Kg7 41. Kg3 Rf1 42. Re2 Rg1+ 43. Kh2 Rc1 44. Rf2 Rc7 45. Kg3 e5 46. Kh4 Rc4+ 47. Kg3 Rg4+ 48. Kh2 Rh4+ 49. Kg3 Rg4+ 50. Kh2 Rh4+ 1/2-1/2

[Event "Medjimurske Team Cup"]
[Site "Nedelisce"]
[Date "2018.02.25"]
[Round "3.4"]
[White "Forstnaric, Zdravko"]
[Black "Heric, Srecko"]
[Result "0-1"]
[WhiteElo "1924"]
[BlackElo "1811"]
[PlyCount "32"]
[EventDate "2018.02.11"]
[EventType "team-swiss"]
[EventRounds "6"]
[EventCountry "CRO"]
[SourceTitle "CBM 183 Extra"]
[Source "ChessBase"]
[SourceDate "2018.04.19"]
[SourceVersion "1"]
[SourceVersionDate "2018.04.19"]
[SourceQuality "1"]

1. d4 d5 2. h3 Nf6 3. c4 c6 4. Nf3 e6 5. Nc3 Bd6 6. Bg5 h6 7. Bd2 Nbd7 8. c5 Bb8 9. Qc2 e5 10. e4 exd4 11. Nxd4 Nxc5 12. exd5 Nxd5 13. Nxd5 Qxd5 14. 0-0-0 Be6 15. Bb4 Bf4+ 16. Kb1 Qxa2# 0-1

[Event "Varazdinske Toplice rapid op"]
[Site "Varazdinske Toplice"]
[Date "2017.12.26"]
[Round "7"]
[White "Makaj, Nikola"]
[Black "Forstnaric, Zdravko"]
[Result "0-1"]
[WhiteElo "1880"]
[BlackElo "1968"]
[PlyCount "68"]
[EventDate "2017.12.26"]
[EventType "swiss (rapid)"]
[EventRounds "9"]
[EventCountry "CRO"]
[SourceTitle "EXT 2019"]
[Source "ChessBase"]
[SourceDate "2018.10.10"]
[SourceVersion "1"]
[SourceVersionDate "2018.10.10"]
[SourceQuality "1"]

1. b3 e5 2. Bb2 d6 3. e3 Be7 4. Nf3 Nf6 5. d4 e4 6. Nfd2 d5 7. c4 c6 8. Nc3 0-0 9. Be2 a6 10. Qc1 Be6 11. Ba3 Nbd7 12. Bxe7 Qxe7 13. 0-0 Ng4 14. Qd1 f5 15. h3 Nh6 16. f3 Rae8 17. f4 g5 18. g3 Kh8 19. Kh2 Rg8 20. Rg1 gxf4 21. gxf4 Qh4 22. Qf1 Ng4+ 23. Bxg4 fxg4 24. f5 Bxf5 25. cxd5 g3+ 26. Kh1 Bxh3 27. Qf4 Rg4 28. Rxg3 Qxg3 29. Qxg3 Rxg3 30. dxc6 bxc6 31. Re1 Bf5 32. d5 cxd5 33. Nxd5 Re6 34. Kh2 Rg5 0-1

[Event "CRO-chT3B Center North"]
[Site "Croatia"]
[Date "2016.04.10"]
[Round "2.5"]
[White "Skuhala, Jernej"]
[Black "Forstnaric, Zdravko"]
[Result "1-0"]
[WhiteElo "2135"]
[BlackElo "1941"]
[PlyCount "75"]
[EventDate "2016.04.03"]
[EventType "team-tourn"]
[EventRounds "9"]
[EventCountry "CRO"]
[SourceTitle "EXT 2019"]
[Source "ChessBase"]
[SourceDate "2018.10.10"]
[SourceVersion "1"]
[SourceVersionDate "2018.10.10"]
[SourceQuality "1"]

1. e4 a6 2. Nf3 d6 3. d4 h6 4. Bc4 e6 5. a4 Be7 6. Qe2 Bd7 7. e5 d5 8. Bd3 c5 9. c3 Nc6 10. Be3 c4 11. Bc2 b5 12. 0-0 b4 13. b3 Na5 14. bxc4 Nxc4 15. Bd3 Rc8 16. cxb4 Bxb4 17. Nbd2 Nxd2 18. Bxd2 Bxd2 19. Nxd2 Ne7 20. Bxa6 Ra8 21. Rfb1 0-0 22. Bb5 Nf5 23. Nf3 Qc7 24. g4 Ne7 25. Rc1 Qa7 26. Rab1 Ng6 27. h4 Rfc8 28. h5 Rxc1+ 29. Rxc1 Bxb5 30. axb5 Qa3 31. Rd1 Nf4 32. Qe3 Qa4 33. Re1 Nh3+ 34. Kg2 Ng5 35. Nxg5 hxg5 36. Qxg5 Qxd4 37. h6 Kf8 38. h7 1-0

[Event "CRO-chT3B Center North"]
[Site "Croatia"]
[Date "2014.04.13"]
[Round "2.3"]
[White "Lovrencic, Vladimir"]
[Black "Forstnaric, Zdravko"]
[Result "1/2-1/2"]
[WhiteElo "2144"]
[BlackElo "1912"]
[PlyCount "97"]
[EventDate "2014.04.06"]
[EventType "team-tourn"]
[EventRounds "9"]
[EventCountry "CRO"]
[SourceTitle "EXT 2019"]
[Source "ChessBase"]
[SourceDate "2018.10.10"]
[SourceVersion "1"]
[SourceVersionDate "2018.10.10"]
[SourceQuality "1"]

1. e4 e5 2. d4 exd4 3. Nf3 Nc6 4. Nxd4 d6 5. Bb5 Bd7 6. Nc3 Nf6 7. 0-0 Be7 8. Re1 0-0 9. Bg5 h6 10. Bh4 Nxd4 11. Qxd4 Bxb5 12. Nxb5 Ng4 13. Bg3 Bf6 14. Qc4 Bxb2 15. Rab1 a6 16. Qxc7 axb5 17. Qxd8 Rfxd8 18. Rxb2 Ne5 19. Rd1 Nc4 20. Rxb5 Rxa2 21. Rxb7 Rc8 22. h3 Rxc2 23. Ra1 Re2 24. Re7 Nd2 25. e5 d5 26. Bf4 d4 27. Bxd2 Rxd2 28. e6 fxe6 29. Raa7 Rc1+ 30. Kh2 Rxf2 31. Rxg7+ Kh8 32. Rgd7 Rc8 33. Rxd4 Rg8 34. Rg4 Rxg4 35. hxg4 Kg8 36. Kg3 Rf6 37. Rb7 Kf8 38. Kh4 Rf2 39. Kg3 Rf7 40. Rb5 Ke7 41. Rh5 Rf6 42. g5 hxg5 43. Rxg5 Rf8 44. Ra5 Rf1 45. Kg4 Kf6 46. Ra6 Re1 47. Ra4 Re5 48. Rb4 Rg5+ 49. Kf3 1/2-1/2

[Event "Medimurska CupT"]
[Site "Croatia"]
[Date "2014.02.22"]
[Round "3.8"]
[White "Srnec, Zoran"]
[Black "Forstnaric, Zdravko"]
[Result "0-1"]
[WhiteElo "1878"]
[BlackElo "1998"]
[PlyCount "134"]
[EventDate "2014.02.08"]
[EventType "team-swiss"]
[EventRounds "6"]
[EventCountry "CRO"]
[SourceTitle "EXT 2023"]
[Source "ChessBase"]
[SourceDate "2022.10.05"]
[SourceVersion "1"]
[SourceVersionDate "2022.10.05"]
[SourceQuality "1"]

1. e4 c5 2. Nf3 Nc6 3. Nc3 a6 4. a4 g6 5. d4 cxd4 6. Nxd4 Bg7 7. Be3 Nf6 8. Bc4 0-0 9. 0-0 d6 10. h3 Bd7 11. Qd2 Qc8 12. Nxc6 bxc6 13. Kh2 Qb7 14. Bb3 Qb4 15. f3 Rad8 16. Bh6 Nh5 17. Bxg7 Kxg7 18. Rad1 Qa5 19. Qd4+ Kg8 20. g4 Nf4 21. Kg3 g5 22. h4 gxh4+ 23. Kxh4 Ng6+ 24. Kg3 Qg5 25. Rh1 Qf4+ 26. Kg2 e5 27. Qf2 Be6 28. Ne2 Qf6 29. Rh5 Bxb3 30. cxb3 d5 31. Rdh1 dxe4 32. fxe4 Qxf2+ 33. Kxf2 Rd2 34. Ke3 Rfd8 35. Nc1 Rxb2 36. Rxh7 Rc2 37. Ne2 Rb2 38. Nc1 Rd4 39. R7h2 Rb1 40. Rd2 c5 41. Rc2 c4 42. bxc4 Rb4 43. Ne2 Rdxc4 44. Rxc4 Rxc4 45. Ra1 a5 46. Ra3 Kg7 47. Kd3 Rb4 48. Nc3 Nf4+ 49. Ke3 Ne6 50. Nd5 Rc4 51. Nb6 Rd4 52. Rd3 Rb4 53. Nd7 f6 54. Rd6 Kf7 55. Ra6 Rxa4 56. g5 Ra3+ 57. Kd2 fxg5 58. Nxe5+ Kf6 59. Ng4+ Ke7 60. Ne5 a4 61. Ra7+ Ke8 62. Nc4 Ra1 63. Nd6+ Kf8 64. Rf7+ Kg8 65. Ra7 g4 66. Nf5 a3 67. Ne3 g3 0-1

[Event "Medimurska CupT"]
[Site "Croatia"]
[Date "2014.02.08"]
[Round "1.7"]
[White "Forstnaric, Zdravko"]
[Black "Zadravec, Matija"]
[Result "1/2-1/2"]
[WhiteElo "1998"]
[BlackElo "1910"]
[PlyCount "39"]
[EventDate "2014.02.08"]
[EventType "team-swiss"]
[EventRounds "6"]
[EventCountry "CRO"]
[SourceTitle "EXT 2023"]
[Source "ChessBase"]
[SourceDate "2022.10.05"]
[SourceVersion "1"]
[SourceVersionDate "2022.10.05"]
[SourceQuality "1"]

1. d4 d5 2. Nf3 Nf6 3. h3 c6 4. Bf4 e6 5. Nbd2 Bd6 6. Bxd6 Qxd6 7. e3 0-0 8. c4 Nbd7 9. Be2 e5 10. dxe5 Nxe5 11. Nxe5 Qxe5 12. cxd5 Nxd5 13. Qb3 Nb6 14. Nc4 Nxc4 15. Bxc4 Qa5+ 16. Qc3 Qxc3+ 17. bxc3 b5 18. Be2 Be6 19. g4 g6 20. 0-0 1/2-1/2